000 00365nam a2200145Ia 4500
008 150201s2013 xx 000 0 und d
082 _a30
_bN13K
100 _aKAPAHI, C.K.
245 _aNEW UGC 12TH PLAN GRANTS GUIDELINE AND MODEL CURRICULUM-3
250 _a1ST
260 _bANMOL PUB.
_aDELHI
_c2013
300 _a1-608
650 _aUGC PLAN
942 _2ddc
_cBK
999 _c1720
_d1720